000 00695nam a22001817a 4500
003 UA-OsUOA
001 10860
007 ta
008 20050209b un ||||| |||| 00| 0 ukr d
100 _aГригоренко І.
942 _cSA
040 _aUA-OsUOA
_cUA-OsUOA
_dUA-OsUOA
245 _aЗібралися дослідники в Сарнах
_b[У Сарнен. іст.-етнограф. музеї відбулася наук.-краєзн. конф. "Західне Полісся: історія та культура"]
300 _aС.4
955 _a0
773 0 _w0
_tВісті Рівненщини
_dРівне
_d2005
_g№9/2 лют./
650 7 _aКонференції
_2UDC
999 _c297021
_d297021